Ends in 'US' Quiz Stats

 Plays Quiz Updated Feb 16, 2012

Also try: Ends in 'RA'
Challenge
Share
Tweet
Embed
Score 0/30 Timer 07:00
2 Plays Today
Hint Answer % Correct
Planet discovered by William HerschelUranus
83.2%
The center of an atomnucleus
81.8%
A ubiquitous desert plantcactus
81.2%
Mold or yeast or mushroomsfungus
75.2%
A branch of mathematics independently developed by both Newton and Leibnizcalculus
73.2%
Therefore, hencethus
70.7%
A small infectious agent; nemesis of McAfeevirus
70.6%
An early calculatorabacus
67.5%
An egg-laying mammalplatypus
63.5%
A tusked mammal...or a certain Beatlewalrus
59.6%
A famous ancient Chinese philosopherConfucius
54.7%
This creature has the largest mouth among land animalshippopotamus
54.5%
One of the events of the ancient pentathlondiscus
53.3%
Paper and parchment precursorpapyrus
52.7%
This country was formerly part of the Soviet UnionBelarus
50.4%
Hint Answer % Correct
A narrow strip of land connecting two land massesisthmus
47.1%
Character in Greek mythology who flew a wee bit too close to the sunIcarus
46.4%
Concentrated effort or attentionfocus
43.3%
Three-headed mythological dogCerberus
40%
The capital of SyriaDamascus
39.2%
Againstversus
38.3%
Slave rebellion leader against Rome 73-71 BC Spartacus, Crixus, Oenomaus or Castus
36.9%
Latin for wombuterus
35.8%
Their songs include 'Drive' and 'Megalomaniac'Incubus
32.7%
Equipment, part of scubaapparatus
32.6%
A curved surface such as can be seen in a glass of watermeniscus
31.5%
A coffin or tomb, literally 'flesh-eating'sarcophagus
30.5%
A famous 16th century prophetNostradamus
30.4%
The only element to fit the categoryphosphorus
19.2%
A vegetable of the lily familyasparagus
13%

You're not logged in!

Compare scores with friends on all Sporcle quizzes.
Join for Free
OR
Log In

You Might Also Like...

Show Comments

Extras

Top Quizzes Today


Score Distribution

Your Account Isn't Verified!

In order to create a playlist on Sporcle, you need to verify the email address you used during registration. Go to your Sporcle Settings to finish the process.

Report this User

Report this user for behavior that violates our Community Guidelines.

Details: